000 00583nam a22001697a 4500
003 OSt
005 20171010095432.0
008 120508t xxu||||| |||| 00| 0 eng d
040 _aMMSU
_cULS
100 _aAntonio, Eva Rona May T.
_99206
245 _aEffects of display advertisements among MMSU college students
_cEva Rona May T. Antonio
260 _c2009
300 _axi, 48 leaves
_c28 cm.
500 _aThesis (AB English Studies) -- Mariano Marcos State University-College of Arts and Sciences, Batac City
504 _aBibliography: leaves 41-42
942 _2ddc
_cTHEDIS
999 _c9505
_d9505